Fairy Tail - Membres de la guilde Blue Pegasus - Statistiques

Statistiques générales
  • Ce quiz a été pris 31 fois
  • Le résultat moyen est 10 sur 12
Statistiques - réponses
Par images Réponse % Correct
Eave
96%
Luxus
96%
Ichiya
93%
Bob
89%
Evergreen
89%
Fried
89%
Jenny
89%
Bixrow
86%
Ren
86%
Hibiki
82%
Nichiya
79%
Karen
71%
Aucun quiz correspondant
Distribution des résultats
% des personnes avec chaque résultat
Percentile par nombre de réponses
Votre historique - résultats
Vous n’avez pas pris ce quiz